atlas of Roman Britain (Record no. 11357)
[ view plain ]
| 000 -LEADER | |
|---|---|
| fixed length control field | 00423 a2200133 4500 |
| 020 ## - INTERNATIONAL STANDARD BOOK NUMBER | |
| International Standard Book Number | 0631137912 : |
| 005 - DATE AND TIME OF LATEST TRANSACTION | |
| control field | 20191017174236.0 |
| 084 ## - OTHER CLASSIFICATION NUMBER | |
| Classification number | G1812.21.S2 J6 1990 |
| 245 ## - TITLE STATEMENT | |
| Title | atlas of Roman Britain |
| Medium | atlas |
| 260 ## - PUBLICATION, DISTRIBUTION, ETC. | |
| Place of publication, distribution, etc. | mau |
| Name of publisher, distributor, etc. | Blackwell |
| Date of publication, distribution, etc. | 1990 |
| 300 ## - PHYSICAL DESCRIPTION | |
| Extent | 1 atlas (vii, 341 p.) : ill., maps |
| Other physical details | 29 cm. |
| Dimensions | 1 atlas (vii, 341 p.) : ill., maps ; 29 cm. |
| 500 ## - GENERAL NOTE | |
| General note | Barri Jones and David Mattingly. |
| 700 ## - ADDED ENTRY--PERSONAL NAME | |
| Personal name | Jones, Barri. |
| 700 ## - ADDED ENTRY--PERSONAL NAME | |
| Personal name | Mattingly, D. J. |
No items available.